=LDR 00000nam 2200000 4500 =001 INLIS000000000044093 =005 20131008104617 =008 ***********************************Ind** =035 ##$$0010-101300000002015 =041 ##$$a Ind =082 ##$$a 910.1 =090 ##$$a 910.1, Rei p =100 ##$$a Reid, Struan =245 ##$$a Jalan sutra dan rempah, Budaya dan peradaban, Struan Reid =260 ##$$a 2006 $b Bandung =300 ##$$a 41 hlm, ilus, 28 cm =650 ##$$a Sejarah rempah-rempah =850 ##$$a NBPNMAT